000 00452cam a22001694a 4500
005 20250605164337.0
008 250528s ||||||||||||||||||||||||d
035 _a23470
040 _aGR-AtMCL
_bgre
_dGR-AtMCL
_eAACR2
245 1 _aHow Does Hair Colour and Beauty Mark Affect Attractiveness Level
260 _c2013
700 1 _aLouka Penelope
_99017
700 1 _aPatelis Anastasios
_99036
942 _cDS
999 _c8480
_d8480